| 000 | 00000nam##2200000za#4500 |
| 001 | 9.700465 |
| 003 | CaOODSP |
| 005 | 20250506145324 |
| 007 | cr ||||||||||| |
| 008 | 150407|1976||||xxc|||||o f|0| 0 eng|d |
| 040 | |aCaOODSP|beng |
| 043 | |an-cn--- |
| 086 | 1 |aA53-1590/1976E-PDF |
| 110 | 1 |aCanada.|bAgriculture Canada. |
| 245 | 10|aScheduling irrigation to meet crop demands / |h[electronic resource]|c[by] K.K. Krogman and E.H. Hobbs. |
| 250 | |aReprinted 1978 |
| 260 | |aOttawa - Ontario : |bAgriculture Canada |c1976. |
| 300 | |a20p.|bgraphs, illus., tables |
| 500 | |aContents: Protecting stored products.--Detecting problems.--Identifying the organisms.--Controlling infestations.--Further information.--Common and scientific names of major pests in stored grain.--References.--Additional reading.--Appendix. |
| 500 | |aHistorical publication digitized by Agriculture and Agri-Food Canada. |
| 590 | |a15-05-Supp|b2015-03-31 |
| 775 | 08|tAdapter l'irrigation aux besoins des cultures / |w(CaOODSP)9.644349 |
| 856 | 40|ahttp://publications.gc.ca|qPDF|s1298 KB|uhttps://publications.gc.ca/collections/collection_2015/aac-aafc/A53-1590-1976-eng.pdf |
| 986 | |aPublication 1590 |